000 00689nam a2200253Ia 4500
003 OSt
005 20221005043236.0
006 a|||||r|||| 00| 0
007 ta
008 221004b |||||||| |||| 00| 0 eng d
024 _a90579
037 _cTextual
040 _aCRL
_cCRL
_beng
041 _2eng
_aeng
082 _aV1:1944(C9B3), K8
100 _aCalder Nigel
_9279032
245 0 _aUnless peace comes
_b a scientific forecast of new weapons
260 _aEngland
_bPenguin Books
_c1968
300 _a241p
_ccm.
500 _aDSK Collection
650 _aHISTORY
942 _hV1:1944(C9B3), K8
_cTEXL
_2cc
999 _c951550
_d951550